Online
Catalog

El inicio de los días difíciles / (Record no. 26713)

MARC details
000 -CABECERA
campo de control de longitud fija 01211nam a2200241 a 4500
001 - NÚMERO DE CONTROL
campo de control 000027221
005 - FECHA Y HORA DE LA ÚLTIMA TRANSACCIÓN
campo de control 20200930030700.0
008 - DATOS DE LONGITUD FIJA--INFORMACIÓN GENERAL
campo de control de longitud fija 110330s1986 dr ad r 001 0 spa d
040 ## - FUENTE DE LA CATALOGACIÓN
Centro catalogador/agencia de origen DO-SdBNP
Lengua de catalogación spa
Centro/agencia transcriptor BNPHU
082 ## - NÚMERO DE LA CLASIFICACIÓN DECIMAL DEWEY
Número de clasificación 339.53
Número de documento/Ítem G956i
100 1# - ENTRADA PRINCIPAL--NOMBRE DE PERSONA
Nombre de persona Guiliani Cury, Hugo,
Fechas asociadas al nombre 1940-
9 (RLIN) 54287
245 13 - MENCIÓN DE TÍTULO
Título El inicio de los días difíciles /
Mención de responsabilidad, etc. Hugo Guiliani Cury.
260 ## - PUBLICACIÓN, DISTRIBUCIÓN, ETC.
Lugar de publicación, distribución, etc. Santo Domingo :
Nombre del editor, distribuidor, etc. Banco Central de la República Dominicana,
Fecha de publicación, distribución, etc. 1986.
300 ## - DESCRIPCIÓN FÍSICA
Extensión 184 p. :
Otras características físicas il., tabls. ;
Dimensiones 22 cm.
504 ## - NOTA DE BIBLIOGRAFÍA, ETC.
Nota de bibliografía, etc. Incluye bibliografía y notas al final de capítulos.
504 ## - NOTA DE BIBLIOGRAFÍA, ETC.
Nota de bibliografía, etc. Bibliografía : p. 183-184
505 0# - NOTA DE CONTENIDO CON FORMATO
Título La política monetaria y sus alternativas. Julio, 1982 --
-- Los incentivos y los aspectos fiscales en la política económica dominicana. Noviembre 1982 --
-- Latinoamérica y sus problemas económicos. Mayo 1983 --
-- Los programas de estabilización del Fondo Monetario Internacional y el caso dominicano. Marzo 1984.
590 ## - NOTA LOCAL (RLIN)
Nota local Inventariado, 2018/BT
650 #4 - PUNTO DE ACCESO ADICIONAL DE MATERIA--TÉRMINO DE MATERIA
Término de materia o nombre geográfico como elemento de entrada Política monetaria
Subdivisión geográfica República Dominicana
9 (RLIN) 5998
651 #4 - PUNTO DE ACCESO ADICIONAL DE MATERIA--NOMBRE GEOGRÁFICO
Nombre geográfico República Dominicana
Subdivisión general Política Económica
9 (RLIN) 643
651 #4 - PUNTO DE ACCESO ADICIONAL DE MATERIA--NOMBRE GEOGRÁFICO
Nombre geográfico República Dominicana
Subdivisión general Condiciones Económicas
9 (RLIN) 281
910 ## - DATOS DE OPCIÓN DEL USUARIO (OCLC)
Datos de opción del usuario Validado. Control de calidad. EMS
Holdings
Estado de retiro Estado de pérdida Restricciones de uso No para préstamo Código de colección Localización permanente Ubicación/localización actual Ubicación en estantería Fecha de adquisición Número de inventario Total de préstamos Signatura topográfica completa Código de barras Fecha visto por última vez Número de copia Precio válido a partir de Tipo de ítem Koha
        Dominicana de Servicio General General Depósito 08.04.2013 LF1   339.53 G956i 27221-30 25.06.2020 e.3 25.06.2020 Libro y Folleto Colección Dominicana de Servicio
        Dominicana de Servicio General General Depósito 22.07.2019 LF1   339.53 G956i 27221-40 25.06.2020 e.4 25.06.2020 Libro y Folleto Colección Dominicana de Servicio
  Extraviado     Dominicana de Servicio General General Extraviado 05.08.2019 LF1   339.53 G956i 27221-50 25.06.2020 e.5 25.06.2020 Libro y Folleto Colección Dominicana de Servicio
      Excluido de préstamo Patrimonio Dominicano Patrimonio Dominicano Patrimonio Dominicano Depósito 30.03.2011 LF1   339.53 G956i 27221-10 25.06.2020   25.06.2020 Libro y Folleto Colección Patrimonio Dominicano
      Excluido de préstamo Patrimonio Dominicano Patrimonio Dominicano Patrimonio Dominicano Depósito 30.03.2011 LF1   339.53 G956i 27221-20 25.06.2020 e.2 25.06.2020 Libro y Folleto Colección Patrimonio Dominicano

Powered by Koha